000 00272nam a2200121Ia 4500
008 211105s9999 xx 000 0 und d
020 _aVYASA15130
100 _aMahalingam N
245 0 _aTirukkural
250 _a\N
260 _bSahityaShodh sansthan
_c\N
300 _a600p.
999 _c7469
_d7469